Nový zákon o sociálnej práci na Slovensku: retrospektíva, perspektívy a otázniky

Nový legislatívny rámec pre sociálnu prácu bol na Slovensku schválený v júli 2014. Proces tvorby zákona o sociálnej práci na Slovensku, perspektívy a otázky, ktoré zákon vyvoláva.

Salvato in:
Dettagli Bibliografici
Autore principale: Mátel, Andrej
Altri autori: Schavel, Milan
Natura: Capitolo di libro
Lingua:slovacco
Soggetti:
Tags: Aggiungi Tag
Nessun Tag, puoi essere il primo ad aggiungerne!!

MARC

LEADER 00000naa a2200000 4500
001 0199974
005 20221019170431.6
041 0 |a slo 
044 |a CZ 
245 1 0 |a Nový zákon o sociálnej práci na Slovensku: retrospektíva, perspektívy a otázniky  |c Andrej Mátel, Milan Schavel 
520 |a Nový legislatívny rámec pre sociálnu prácu bol na Slovensku schválený v júli 2014. Proces tvorby zákona o sociálnej práci na Slovensku, perspektívy a otázky, ktoré zákon vyvoláva. 
610 2 0 |a práca sociálna 
610 2 0 |a služby sociálne 
610 2 0 |a starostlivosť sociálna 
610 2 0 |a pracovníci sociálni 
610 2 0 |a zákony 
610 2 0 |a legislatíva 
100 1 |a Mátel, Andrej 
700 1 |a Schavel, Milan